Pattern recognition and neural networks

Saved in:
Bibliografiske detaljer
Hovedforfatter: Ripley, Brian D (Author)
Format: Bog
Sprog:engelsk
Udgivet: Cambridge Cambridge University 1996
Udgivelse:1a. ed
Fag:
Tags: Tilføj Tag
Ingen Tags, Vær først til at tagge denne postø!

MARC

LEADER 00000nam a2200000 a 4500
001 UCK5832
003 CL-VaPUC
008 050826e19960000uk |||||||||||||||||eng|d
020 |a 0521460867 
082 0 4 |a 006.4  |b RIP  |2 21 
100 0 |a Ripley, Brian D  |e author  |9 494809 
245 1 0 |a Pattern recognition and neural networks 
250 |a 1a. ed 
300 |a 403 p 
942 |c BK 
945 |d 20050826 00:00:00  |a cmena 
260 |a Cambridge  |b Cambridge University  |c 1996 
650 7 |a REDES NEURALES  |2 CL-VaPUC  |9 327208 
650 0 |a Simulación por computador  |9 260988 
650 0 |a Aplicaciones de computadores  |9 260401 
650 0 |a Estadística matemática  |9 260028 
583 |a last modification  |c 20130806 05:11:48  |k Rodrigo Vera 
999 |c 314284  |d 314282 
952 |0 0  |1 0  |4 0  |6 006_400000000000000_RIP_1996  |7 0  |8 A  |9 386356  |a BIBGIM  |b BIBGIM  |d 2019-11-22  |i 416072K  |o 006.4 RIP 1996  |p 416072K  |r 2025-01-15  |w 2019-11-22  |y BK  |k EST